Κατάλογος Βιβλιοθηκών Mediterranean College

Δημόσιες Σχέσεις / Έννοια και Περιεχόμενο (Record no. 5066)

MARC details
000 -LEADER
fixed length control field 01916cam a22002054a 4500
005 - ΗΜΕΡΟΜΗΝΙΑ ΚΑΙ ΩΡΑ ΤΕΛΕΥΤΑΙΑΣ ΕΝΗΜΕΡΩΣΗΣ
Πεδίο ελέγχου 20250605164203.0
008 - FIXED-LENGTH DATA ELEMENTS--GENERAL INFORMATION
Πεδίο ελέγχου σταθερού μήκους 250528s ||||||||||||||||||||||||d
035 ## - SYSTEM CONTROL NUMBER
System control number 19819
040 ## - ΠΗΓΗ ΚΑΤΑΛΟΓΟΓΡΑΦΗΣΗΣ
Φορέας πρωτότυπης καταλογογράφησης MC Athens Campus Library
Γλώσσα καταλογογράφησης Ελληνικά, Μοντέρνα (1453-)
Modifying agency MC Athens Campus Library
Κανόνες περιγραφικής καταλογογράφησης AACR2
245 1# - ΤΙΤΛΟΣ ΚΑΙ ΔΗΛΩΣΗ ΥΠΕΥΘΥΝΟΤΗΤΑΣ
Τίτλος Δημόσιες Σχέσεις / Έννοια και Περιεχόμενο
250 ## - EDITION STATEMENT
Edition statement
260 ## - PUBLICATION, DISTRIBUTION, ETC.
Name of publisher, distributor, etc. Ευγ. Μπένου,
Date of publication, distribution, etc. 1994
300 ## - PHYSICAL DESCRIPTION
Extent 140
505 0# - FORMATTED CONTENTS NOTE
Formatted contents note Πρόλογος, Ορισμός και Ιστορική Εξέλιξη και Στόχοι Δημοσίων Σχέσεων, Υποκείμενα και Αντικείμενα των Δημοσίων Σχέσεων, Διάκριση των Δημοσίων Σχέσεων από τις άλλες μορφές επικοινωνίας, Οργάνωση της Λειτουργίας των Δημοσίων Σχέσεων, Σχεδιασμός και Υλοποίηση Προγράμματος Δημοσίων Σχέσεων, Μέσα Επικοινωνίας και Εκδηλώσεις Δημοσίων Σχέσεων, Ανάλυση Περιστατικών, Βιβλιογραφία.
520 ## - SUMMARY, ETC.
Summary, etc. Πρόλογος, Ορισμός και Ιστορική Εξέλιξη και Στόχοι Δημοσίων Σχέσεων, Υποκείμενα και Αντικείμενα των Δημοσίων Σχέσεων, Διάκριση των Δημοσίων Σχέσεων από τις άλλες μορφές επικοινωνίας, Οργάνωση της Λειτουργίας των Δημοσίων Σχέσεων, Σχεδιασμός και Υλοποίηση Προγράμματος Δημοσίων Σχέσεων, Μέσα Επικοινωνίας και Εκδηλώσεις Δημοσίων Σχέσεων, Ανάλυση Περιστατικών, Βιβλιογραφία.
700 1# - ΠΡΟΣΘΕΤΗ ΑΝΑΓΡΑΦΗ--ΦΥΣΙΚΟ ΠΡΟΣΩΠΟ
Personal name Παπαλεξανδρή Νάνσυ
9 (RLIN) 1037
942 ## - ADDED ENTRY ELEMENTS (KOHA)
Koha item type Books
Holdings
Τύπος τεκμηρίου Βιβλιοθήκη Τρέχουσα τοποθεσία Barcode Αριθμός εισαγωγής Ημερομηνία απόκτησης Ταξιθετικό σύμβολο Αριθμός αντιτύπου Κατάσταση απόσυρσης Κατάσταση χαμένου Κατάσταση κατεστραμμένου Μη δανεισμός Σύνολο δανεισμών Ημερομηνία τελευταίας εμφάνισης Η τιμή ισχύει από
Books MC Athens Campus Library MC Athens Campus Library 9780000050656 5917 05/06/2025 659.2 PAP 1           05/06/2025 05/06/2025

MC Athens Campus Library
Πατησίων 94 & Κοδριγκτώνος 13, 104 34
Πελλήνης 8 & Πατησίων 107, 112 51
Τ: +30 210 8899600

MC Thessaloniki Campus Library
Ίωνος Δραγούμη 21, 54625 | Ίωνος Δραγούμη 15, 54625
Τ: +30 2310 287779 – Τ: +30 2314 440300